| 000 | 00483nam a2200181Ia 4500 | ||
|---|---|---|---|
| 008 | 180207s9999 xx 000 0 und d | ||
| 020 | _a9789715080235 | ||
| 050 | _bR387 1996 | ||
| 100 | _aRemigio, Ompong | ||
| 245 | _aPapel de liha / | ||
| 245 | _cby Ompong Remigio ; illustrated by Beth Parrocha-Doctolero. | ||
| 260 | _aMetro Manila, Philippines : | ||
| 260 | _bAdarna House, | ||
| 260 | _c1996 | ||
| 300 | _aunpaged : | ||
| 300 | _bchiefly colored ; | ||
| 300 | _c23cm. | ||
| 999 |
_c355789 _d355789 |
||